Modeling bank loan LGD of corporate and SME segments : a case study

Salvato in:
Dettagli Bibliografici
Autore principale: Chalupka, Radovan
Altri autori: Kopecsni, Juraj
Natura: Capitolo di libro
Lingua:inglese
Soggetti:
Tags: Aggiungi Tag
Nessun Tag, puoi essere il primo ad aggiungerne!!

MARC

LEADER 00000naa$a2200000$$$4500
001 0111164
005 20231010115204.3
041 0 |a eng 
044 |a CZ 
245 1 0 |a Modeling bank loan LGD of corporate and SME segments : a case study  |c Radovan Chalupka, Juraj Kopecsni 
610 2 0 |a banky obchodné 
610 2 0 |a pôžičky 
610 2 0 |a modelovanie 
610 2 0 |a firmy 
610 2 0 |a modely 
610 2 0 |a riziko úverové 
100 1 |a Chalupka, Radovan 
700 1 |a Kopecsni, Juraj